<?xml version="1.0" encoding="UTF-8"?><?xml-stylesheet type="text/xsl" href="static/style.xsl"?><OAI-PMH xmlns="http://www.openarchives.org/OAI/2.0/" xmlns:xsi="http://www.w3.org/2001/XMLSchema-instance" xsi:schemaLocation="http://www.openarchives.org/OAI/2.0/ http://www.openarchives.org/OAI/2.0/OAI-PMH.xsd"><responseDate>2026-06-01T21:38:57Z</responseDate><request verb="GetRecord" identifier="oai:riuma.uma.es:10630/45050" metadataPrefix="marc">https://riuma.uma.es/rest/oai/request</request><GetRecord><record><header><identifier>oai:riuma.uma.es:10630/45050</identifier><datestamp>2026-01-30T00:46:38Z</datestamp><setSpec>com_10630_2254</setSpec><setSpec>col_10630_37957</setSpec></header><metadata><record xmlns="http://www.loc.gov/MARC21/slim" xmlns:dcterms="http://purl.org/dc/terms/" xmlns:doc="http://www.lyncode.com/xoai" xmlns:xsi="http://www.w3.org/2001/XMLSchema-instance" xsi:schemaLocation="http://www.loc.gov/MARC21/slim http://www.loc.gov/standards/marcxml/schema/MARC21slim.xsd">
   <leader>00925njm 22002777a 4500</leader>
   <datafield ind2=" " ind1=" " tag="042">
      <subfield code="a">dc</subfield>
   </datafield>
   <datafield ind2=" " ind1=" " tag="720">
      <subfield code="a">Barrado-Moreno, Victoria</subfield>
      <subfield code="e">author</subfield>
   </datafield>
   <datafield ind2=" " ind1=" " tag="260">
      <subfield code="c">2026</subfield>
   </datafield>
   <datafield ind2=" " ind1=" " tag="520">
      <subfield code="a">El dolor crónico es un problema de salud pública que afecta al 25,9% de la población española (Dueñas et al., 2024). Se recomienda un abordaje multidisciplinar, aunque el tratamiento de elección mayoritario son los medicamentos opioides (Dowell et al., 2022), que a largo plazo conllevan riesgos como su uso inadecuado. La evidencia empírica señala distintas variables transdiagnósticas asociadas al dolor crónico y al mal uso de sustancias, entre las cuales destacan la impulsividad y la flexibilidad e inflexibilidad psicológica (FP e IP). La impulsividad (Ramírez-Maestre et al., 2014) y la IP (Rhodes et al., 2020) se relacionan con el uso inadecuado de los fármacos opioides, y la FP constituiría un factor de protección frente a su mal uso (Esteve et al., 2021). Sin embargo, son escasos los estudios a este respecto, solo se ha contrastado el papel de algunos elementos de la FP e IP, y los instrumentos utilizados para evaluarlos presentan ciertas limitaciones. Recientemente han surgido nuevas y prometedoras medidas multidimensionales, como el MPFI (Rolffs et al., 2016). Asimismo, pocas investigaciones han estudiado la relación conjunta de la impulsividad y la FP e IP con el uso inadecuado de los fármacos opioides prescritos para tratar el dolor crónico. Los tres trabajos presentados en esta Tesis Doctoral pretenden abordar secuencialmente estas limitaciones con el objetivo final de conocer la relación de la FP e IP con el mal uso de los fármacos opioides prescritos a las personas con dolor crónico no oncológico. El primer trabajo cuantificó la relación entre los componentes de la FP e IP y el uso de sustancias mediante meta-análisis. El segundo estudio validó el cuestionario MPFI-24 en castellano. El tercer estudio puso a prueba un modelo de mal uso de fármacos opioides incluyendo la impulsividad, la FP e IP, y la intensidad e interferencia del dolor.</subfield>
   </datafield>
   <datafield ind1="8" ind2=" " tag="024">
      <subfield code="a">https://hdl.handle.net/10630/45050</subfield>
   </datafield>
   <datafield tag="653" ind2=" " ind1=" ">
      <subfield code="a">Dolor crónico - Tesis doctorales</subfield>
   </datafield>
   <datafield tag="653" ind2=" " ind1=" ">
      <subfield code="a">Opiáceos - Uso terapéutico</subfield>
   </datafield>
   <datafield tag="653" ind2=" " ind1=" ">
      <subfield code="a">Dolor - Aspectos psicológicos</subfield>
   </datafield>
   <datafield ind2="0" ind1="0" tag="245">
      <subfield code="a">La flexibilidad e inflexibilidad psicológica como variables relacionadas con el mal uso de los opioides de prescripción en personas con dolor crónico no oncológico</subfield>
   </datafield>
</record>
</metadata></record></GetRecord></OAI-PMH>